00569nam a22001697a 4500003000900000008004100009020001800050040007100068082002000139100003000159245004000189260002800229300005400257505004100311650002300352650002400375AR-CdUCM190411b ||||| |||| 00| 0 spa d a9786124759710 aMUNICIPALIDAD PROVINCIAL DEL CUSCOcBIBLIOTECA MUNICIPAL DEL CUSCO aEP/808/A45bA45 aÁlvarez Ferro, Gabriela aEl Hombre, el Cóndor y el Puma /  aCusco ;bREGESA,c2017. a51 Páginas. :bilustraciones en color ;c21 cm. aCon actividades para el plan lector. aCuentos infantiles aLiteratura infantil